[Event "13eme open"]
[Site "Louviers"]
[Round "6"]
[Date "2010.05.24"]
[White "Plessis, Arnaud"]
[Black "Cleaud, Cyril"]
[Result "1/2"]
[WhiteElo "1777"]
[BlackElo "1744"]
[PlyCount "91"]

1. e4 c5 2. d4 cxd4 3. c3 d3 4. Bxd3 Nc6 5. c4 Nf6 6. Nc3 e6 7. Nf3 d6 8. Qe2
a6 9. O-O Be7 10. Rd1 Qc7 11. h3 O-O 12. Bf4 Ne5 13. Rac1 b6 14. b4 Bb7 15. c5
Nxf3+ 16. Qxf3 e5 17. cxd6 Qxd6 18. Bxa6 Qxb4 19. Bxb7 Rab8 20. Bxe5 Rxb7 21.
Bxf6 Bxf6 22. Nd5 Qd6 23. Nxf6+ Qxf6 24. Qxf6 gxf6 25. Rd3 Ra8 26. a3 Ra4 27.
Rc8+ Kg7 28. Rg3+ Kh6 29. Rc6 Rxe4 30. Rxf6+ Kh5 31. Rgf3 Re5 32. Kh2 Ra5 33.
g4+ Kh4 34. R3f5 h5 35. Rxa5 bxa5 36. Rh6 Rb5 37. a4 Rc5 38. Rxh5+ Rxh5 39.
gxh5 Kxh5 40. Kg3 Kg5 41. f4+ Kh5 42. f5 Kg5 43. f6 Kxf6 44. Kf4 Kg6 45. Kg4
Kf6 46. Kf4 1/2-1/2

[Event "13eme open"]
[Site "Louviers"]
[Round "6"]
[Date "2010.05.24"]
[White "Tirard, Hugo"]
[Black "Diologent, Matthieu"]
[Result "1-0"]
[WhiteElo "2447"]
[BlackElo "1944"]
[PlyCount "47"]

1. e4 c6 2. d4 d5 3. f3 dxe4 4. fxe4 e5 5. Nf3 Bg4 6. Bc4 Bxf3 7. Qxf3 Qf6 8.
dxe5 Qxf3 9. gxf3 Nd7 10. e6 fxe6 11. Bxe6 Ne5 12. Rf1 Bb4+ 13. Bd2 Bxd2+ 14.
Nxd2 g5 15. Nc4 Nxc4 16. Bxc4 Nf6 17. O-O-O b5 18. Bb3 Ke7 19. Rg1 h6 20. h4 c5
21. hxg5 hxg5 22. Bd5 Raf8 23. Rxg5 Nxd5 24. Re5+ 1-0

[Event "13eme open"]
[Site "Louviers"]
[Round "6"]
[Date "2010.05.24"]
[White "Vappereau, Xavier"]
[Black "Voegele, Francois-Marie"]
[Result "1-0"]
[WhiteElo "1810"]
[BlackElo "1070"]
[PlyCount "101"]

1. d4 d5 2. c4 dxc4 3. Nf3 Nc6 4. Nc3 e6 5. e3 Bd6 6. Bxc4 Nf6 7. O-O O-O 8. e4
Nh5 9. e5 Be7 10. Ne4 Bd7 11. Be2 h6 12. Ne1 f5 13. Bxh5 fxe4 14. Qg4 Be8 15.
Bxe8 Qxe8 16. Bxh6 Rf7 17. Nc2 Na5 18. b3 b6 19. Bd2 Qc6 20. Rac1 Nb7 21. Nb4
Qd7 22. Qxe4 Nd8 23. Qxa8 a5 24. Nc6 Rf5 25. Nxe7+ Qxe7 26. Qa7 Rf7 27. Rc2 g6
28. Rfc1 c5 29. Qxe7 Rxe7 30. dxc5 bxc5 31. Bg5 Rd7 32. Bxd8 Rxd8 33. Rxc5 Ra8
34. Rc8+ Rxc8 35. Rxc8+ Kg7 36. a3 g5 37. b4 axb4 38. axb4 Kg6 39. g4 Kf7 40.
b5 Ke7 41. b6 Kd7 42. b7 Ke7 43. b8=R Kd7 44. Rh8 Kc6 45. Rhd8 Kc5 46. Rd6 Kc4
47. Rc8+ Kb4 48. Rd1 Kb3 49. Rb1+ Ka2 50. Rb7 Ka1 51. Ra8# 1-0

[Event "13eme open"]
[Site "Louviers"]
[Round "6"]
[Date "2010.05.24"]
[White "Boursier, Xavier"]
[Black "Victor, Daniel"]
[Result "1-0"]
[WhiteElo "2011"]
[BlackElo "1880"]
[PlyCount "45"]

1. e4 c6 2. d3 d5 3. Nd2 e5 4. Ngf3 Bd6 5. g3 Nf6 6. Bg2 dxe4 7. dxe4 Bc7 8.
O-O O-O 9. Qe2 Bg4 10. h3 Bxf3 11. Nxf3 h6 12. Nh4 Kh7 13. Nf5 Ng8 14. Rd1 Qf6
15. g4 g5 16. h4 Qg6 17. hxg5 Bd8 18. Rd6 f6 19. gxh6 Bc7 20. Rd3 Rd8 21. Rg3
Rd7 22. g5 Na6 23. Nh4 1-0

[Event "13eme open"]
[Site "Louviers"]
[Round "4"]
[Date "2010.05.23"]
[White "Broustet, Pierre"]
[Black "Rousselin, Marc"]
[Result "0-1"]
[WhiteElo "1840"]
[BlackElo "1612"]
[PlyCount "84"]

1. e4 c5 2. Nf3 d6 3. d4 cxd4 4. Nxd4 Nf6 5. Nc3 a6 6. Be3 e5 7. Nb3 Be6 8. Qd2
Be7 9. f3 Nbd7 10. O-O-O b5 11. Nd5 Bxd5 12. exd5 Nb6 13. Bxb6 Qxb6 14. Kb1 O-O
15. Bd3 a5 16. g4 a4 17. Nc1 b4 18. h4 b3 19. cxb3 axb3 20. Nxb3 Qa7 21. Nc1
Rfb8 22. b3 Nd7 23. g5 Nc5 24. Qc2 g6 25. h5 Bxg5 26. hxg6 fxg6 27. Bxg6 hxg6
28. Qxg6+ Qg7 29. Qxd6 Be7 30. Qh6 Qxh6 31. Rxh6 Kg7 32. Rc6 Rc8 33. Rg1+ Kf7
34. Rgg6 Rxc6 35. Rxc6 Rd8 36. Kc2 Rxd5 37. a4 Ne6 38. Nd3 Nd4+ 39. Kc3 Nxc6
40. b4 Bxb4+ 41. Nxb4 Nxb4 42. Kxb4 Rd3 0-1

[Event "13eme open"]
[Site "Louviers"]
[Round "4"]
[Date "2010.05.23"]
[White "Bordelet, Louis"]
[Black "Diologent, Matthieu"]
[Result "1/2"]
[WhiteElo "1780"]
[BlackElo "1844"]
[PlyCount "68"]

1. e4 c6 2. d4 d5 3. e5 Bf5 4. g4 Bg6 5. h4 h6 6. h5 Bh7 7. Bd3 Bxd3 8. Qxd3 e6
9. Nf3 Ne7 10. Nc3 Nd7 11. Be3 a6 12. a4 c5 13. dxc5 Nc6 14. Nxd5 exd5 15. Qxd5
Nxc5 16. Qxd8+ Rxd8 17. Ke2 Be7 18. Rhd1 Rxd1 19. Kxd1 O-O 20. Ke2 Rd8 21. c3
Nb3 22. Rg1 Bc5 23. Bf4 Re8 24. g5 hxg5 25. Rxg5 f6 26. Rg6 Nxe5 27. Bxe5 fxe5
28. Ng5 Bf8 29. Ne4 Re7 30. Kd3 Rd7+ 31. Kc2 Na1+ 32. Kc1 Nb3+ 33. Kc2 Na1+ 34.
Kc1 Nb3+ 1/2-1/2

[Event "13eme open"]
[Site "Louviers"]
[Round "4"]
[Date "2010.05.23"]
[White "Vappereau, Xavier"]
[Black "Van Hyfte, Raphael"]
[Result "0-1"]
[WhiteElo "1810"]
[BlackElo "1730"]
[PlyCount "90"]

1. e4 e5 2. Nf3 Nc6 3. Bb5 a6 4. Ba4 Nf6 5. O-O Be7 6. Re1 d6 7. h3 b5 8. Bb3
O-O 9. c3 Bb7 10. Bc2 Nb8 11. d4 Nbd7 12. Nbd2 Re8 13. Nf1 Bf8 14. Ng3 g6 15.
Bg5 Bg7 16. Qd2 c5 17. dxe5 dxe5 18. Rad1 Qc7 19. Qd6 Qxd6 20. Rxd6 h6 21. Be3
Bf8 22. Rd2 Nb6 23. b3 Rac8 24. Red1 Bc6 25. Ne1 Nfd7 26. Nd3 c4 27. Nb4 cxb3
28. Bxb3 Nc5 29. Nxc6 Rxc6 30. Rd8 Rxd8 31. Rxd8 Nxb3 32. axb3 g5 33. Nf5 Nc8
34. Nxh6+ Kh7 35. Nxf7 Be7 36. Nxe5 Rxc3 37. Rd7 Kg8 38. Ng6 Bf6 39. e5 Bg7 40.
e6 Rxb3 41. Ne7+ Nxe7 42. Rxe7 Rb1+ 43. Kh2 Be5+ 44. g3 a5 45. Bxg5 Bd6 0-1

[Event "13eme open"]
[Site "Louviers"]
[Round "4"]
[Date "2010.05.23"]
[White "Tirard, Hugo"]
[Black "Duverne, Jean-Marie"]
[Result "1-0"]
[WhiteElo "2447"]
[BlackElo "2153"]
[PlyCount "56"]

1. e4 e6 2. d4 d5 3. Nc3 Nf6 4. e5 Nfd7 5. f4 c5 6. Nf3 Nc6 7. Be3 Be7 8. Be2
O-O 9. O-O a6 10. a3 b5 11. dxc5 Bxc5 12. Bxc5 Nxc5 13. b4 Ne4 14. Qe1 Qb6+ 15.
Kh1 Nxc3 16. Qxc3 Bd7 17. Bd3 f6 18. exf6 gxf6 19. Rae1 a5 20. Qb3 axb4 21.
axb4 Nd4 22. Bxh7+ Kxh7 23. Qd3+ Kg7 24. Nxd4 Rh8 25. Re3 Rh6 26. Nf5+ exf5 27.
Re7+ Kg6 28. Rxd7 Kh5 1-0

[Event "13eme open"]
[Site "Louviers"]
[Round "4"]
[Date "2010.05.23"]
[White "Arinal, Serge"]
[Black "Cleaud, Cyril"]
[Result "1-0"]
[WhiteElo "1670"]
[BlackElo "1744"]
[PlyCount "37"]

1. Nf3 c5 2. c4 Nf6 3. Nc3 d5 4. cxd5 Nxd5 5. g3 Nc6 6. Bg2 e6 7. O-O Be7 8. b3
O-O 9. Bb2 Qc7 10. Nb5 Qb6 11. Na3 a6 12. Nc4 Qc7 13. d4 cxd4 14. Nxd4 Nxd4 15.
Bxd4 Rd8 16. Bxd5 Rxd5 17. Nb6 Rxd4 ({Fritz 5.32:} 17... Rd6 18. Nxa8 Qd8 19.
Bxg7 Rxd1 20. Rfxd1 Qa5 21. Bh6 e5 22. Rac1 {1.66/14}) 18. Qxd4 Bf6 19. Nxa8
1-0

[Event "13eme open"]
[Site "Louviers"]
[Round "4"]
[Date "2010.05.23"]
[White "Naji, Nil"]
[Black "Dunand, Damien"]
[Result "0-1"]
[WhiteElo "1009"]
[BlackElo "1650"]
[PlyCount "76"]

1. e4 Nf6 2. Nc3 d6 3. d4 g6 4. Nf3 Bg7 5. Bc4 O-O 6. O-O c5 7. dxc5 dxc5 8.
Qxd8 Rxd8 9. Ne5 e6 10. Bg5 Rd4 11. Rad1 Nxe4 12. Nxe4 Bxe5 13. Rxd4 cxd4 14.
Nf6+ Bxf6 15. Bxf6 Nc6 16. c3 dxc3 17. Bxc3 a6 18. a4 Rb8 19. h3 b5 20. axb5
axb5 21. Bb3 Ba6 22. Ra1 Bb7 23. f4 b4 24. Be5 Nxe5 25. fxe5 Ra8 26. Rxa8+ Bxa8
27. Kf2 Kf8 28. g4 Ke7 29. Ke3 f6 30. exf6+ Kxf6 31. Kd3 (31. Kd4 e5+ 32. Kc4
e4 33. Kxb4 e3 34. Kc3) 31... Bd5 32. Bxd5 exd5 33. Kd4 Ke6 34. Kc5 Ke5 35.
Kxb4 Ke4 36. Kc3 Ke3 37. b4 (37. Kc2 d4 38. Kd1 Kd3 {Fritz 5.32:} 39. g5 Ke4
40. Kd2 d3 41. b4 Kd4 {4.09/21}) 37... d4+ 38. Kb3 d3 0-1

[Event "13eme open"]
[Site "Louviers"]
[Round "4"]
[Date "2010.05.23"]
[White "Grenet, Dominique"]
[Black "Ribeiro, Joao"]
[Result "1-0"]
[WhiteElo "1490"]
[BlackElo "1390"]
[PlyCount "102"]

1. e4 g6 2. d4 d6 3. Nf3 Bg7 4. c3 Nf6 5. Bd3 O-O 6. O-O Bg4 7. h3 Bxf3 8. Qxf3
Nbd7 9. Be2 c5 10. d5 Nb6 11. Nd2 Rc8 12. Rb1 Nfd7 13. Bd3 Ne5 14. Qe2 c4 15.
Bc2 Qc7 16. Nf3 Nbd7 17. Be3 b5 18. a3 Nxf3+ 19. Qxf3 Ne5 20. Qe2 a6 21. f4 Nd3
22. Bd4 e6 23. Bxd3 cxd3 24. Qxd3 Bxd4+ 25. cxd4 Qc2 26. Qxc2 Rxc2 27. dxe6
fxe6 28. g3 Rfc8 29. Rf2 R8c4 30. Rxc2 Rxc2 31. b4 Rc3 32. Kf2 Rxa3 33. d5 exd5
34. exd5 Rd3 35. Ra1 Rxd5 36. Ke3 Kf7 37. Rxa6 Ke6 38. Rb6 h6 39. Ke4 g5 40.
Rb8 Rf5 41. fxg5 Rxg5 42. g4 Re5+ 43. Kf4 Kf6 44. h4 Ke6 45. Rh8 Kd5 46. Rxh6
Re4+ 47. Kf3 Rxb4 48. Rh8 Rb3+ 49. Kf4 b4 50. Rb8 Rb1 51. g5 Ke6 1-0

[Event "13eme open"]
[Site "Louviers"]
[Round "4"]
[Date "2010.05.23"]
[White "De Saint Jores, Clement"]
[Black "Voegele, Francois-Marie"]
[Result "1/2"]
[WhiteElo "1160"]
[BlackElo "1070"]
[PlyCount "116"]

1. e4 e5 2. Nf3 d6 3. d4 exd4 4. Nxd4 Be6 5. Nxe6 fxe6 6. Nc3 Nf6 7. Bc4 e5 8.
Nd5 Nc6 9. Nxf6+ Qxf6 10. O-O Be7 11. Qg4 Na5 12. Bg5 Qf8 13. Bxe7 Qxe7 14. Bb3
Nxb3 15. axb3 O-O 16. Rae1 b5 17. f4 exf4 18. Rxf4 Rxf4 19. Qxf4 a5 20. e5 dxe5
21. Rxe5 Qd7 22. c4 bxc4 23. Qxc4+ Qf7 24. Rc5 Qxc4 25. Rxc4 Rc8 26. Rc5 Rd8
27. Rxa5 Rd1+ 28. Kf2 Rd2+ 29. Ke1 Rxb2 30. Ra7 Rb1+ 31. Kd2 Rxb3 32. Rxc7 Rb2+
33. Rc2 Rb5 34. Ke3 Re5+ 35. Kf4 Re1 36. g3 h5 37. Kg5 Re5+ 38. Kg6 Kf8 39.
Rc8+ Re8 40. Rxe8+ Kxe8 41. Kxh5 Kf7 42. Kg5 g6 43. h4 Kg7 44. g4 Kh7 45. Kf6
Kh6 46. g5+ Kh7 47. h5 gxh5 48. g6+ Kg8 49. Kg5 Kg7 50. Kxh5 Kg8 51. Kh6 Kh8
52. Kg5 Kg7 53. Kf5 Kg8 54. Kf6 Kf8 55. Kg5 Kg7 56. Kf5 Kg8 57. Kf6 Kf8 58. g7+
Kg8 1/2-1/2

[Event "13eme open"]
[Site "Louviers"]
[Round "4"]
[Date "2010.05.23"]
[White "Bonte, Gerard"]
[Black "Soriano, Manon"]
[Result "0-1"]
[WhiteElo "1630"]
[BlackElo "1490"]
[PlyCount "98"]

1. c4 c5 2. Nc3 Nf6 3. Nf3 g6 4. d4 cxd4 5. Nxd4 Nc6 6. g3 Bg7 7. Bg2 O-O 8.
Nb3 d6 9. O-O Rb8 10. e3 Ne5 11. Nd2 Bg4 12. f3 Be6 13. b3 d5 14. Qe2 Rc8 15.
f4 Nc6 16. Bb2 d4 17. Nce4 Nxe4 18. Nxe4 d3 19. Qd2 Bxb2 20. Qxb2 Qb6 21. Qd2
Rfd8 22. Rab1 Nb4 23. Nf2 Nc2 24. Nxd3 Qxe3+ 25. Qxe3 Nxe3 26. Ne5 Nxf1 27.
Kxf1 Bf5 28. Rb2 Rd1+ 29. Ke2 Rd6 30. Bxb7 Rcd8 31. g4 Be6 32. c5 Rd1 33. c6
Rc1 34. h3 Bc8 35. Nd3 Rc3 36. Rd2 Bxb7 37. cxb7 Rb8 38. h4 Rxb7 39. Ne5 Rh3
40. Nf3 Rc7 41. Rd3 Rc2+ 42. Ke3 f5 43. g5 Rxa2 44. Rd8+ Kf7 45. Rd3 Ra6 46.
Kd2 Ke8 47. Kc3 Rd6 48. Re3 Rd1 49. Kc2 Rf1 0-1

[Event "13eme open"]
[Site "Louviers"]
[Round "4"]
[Date "2010.05.23"]
[White "Pigache, Emmanuel"]
[Black "Varigault, Nicole"]
[Result "1-0"]
[WhiteElo "1300"]
[BlackElo "1190"]
[PlyCount "139"]

1. e4 e5 2. Bc4 Bc5 3. d3 Nf6 4. Nc3 d6 5. Nf3 O-O 6. O-O Bd7 7. Bg5 b5 8. Bb3
c6 9. h3 a5 10. a3 a4 11. Ba2 Qe7 12. Nd5 cxd5 13. Bxd5 Bc6 14. Ba2 Nbd7 15.
Nh4 h6 16. Nf5 Qe8 17. Be3 Bxe3 18. fxe3 Nh7 19. Qg4 Ng5 20. Nxd6 Qe7 21. Nf5
Qd8 22. Nd6 Nf6 23. Rxf6 Qxf6 24. Nf5 Bd7 25. Rf1 Rac8 26. c3 Be6 27. Bb1 Rc7
28. Qg3 Qg6 29. Qxe5 Nxh3+ 30. Kh2 Rd7 31. gxh3 Kh7 32. Rg1 Qf6 33. Qxb5 g6 34.
Ng3 Qf2+ 35. Rg2 Qxe3 36. d4 Qf4 37. Qd3 Qh4 38. Nf5 Qf4+ 39. Rg3 Qf2+ 40. Rg2
Qf4+ 41. Ng3 Rg8 42. e5 Bf5 43. Qb5 Ra7 44. Qc6 Bxb1 45. Qc5 Be4 46. Qxa7 Bxg2
47. Kxg2 Qd2+ 48. Kf3 Qxb2 49. Ne4 Kg7 50. Qe7 Qb3 51. h4 Qe6 52. Qb4 Ra8 53.
Nc5 Qh3+ 54. Ke4 Qxh4+ 55. Kd5 g5 56. Qb7 Rd8+ 57. Kc4 g4 58. e6 Qf6 59. e7 Re8
60. Qe4 Rxe7 61. Qxg4+ Qg6 62. Qh4 Rc7 63. Qh2 Rc6 64. Qe5+ Qf6 65. Qg3+ Qg5
66. Qe5+ Kg6 67. Qe4+ f5 68. Qxc6+ Kh5 69. Ne6 Qf4 70. Nxf4+ 1-0

[Event "13eme open"]
[Site "Louviers"]
[Round "4"]
[Date "2010.05.23"]
[White "Saint-Gilles, Damien"]
[Black "Roussel, Julien"]
[Result "0-1"]
[WhiteElo "1678"]
[BlackElo "1842"]
[PlyCount "106"]

1. g4 d6 2. Bg2 c6 3. h3 e5 4. d3 {(=)} Be7 5. Nf3 Na6 6. Bd2 h6 7. e4 Nf6 8.
Nc3 Nc7 9. Qe2 Ne6 10. Qe3 Nf4 11. Bf1 Bxg4 12. Ne2 Nxe2 13. Bxe2 Be6 14. Bc3
Nd7 15. O-O-O {(=)} Qb6 16. b3 Qxe3+ 17. fxe3 Nc5 18. Rdg1 Rg8 19. Nd2 Bg5 20.
Nf1 a5 21. h4 Be7 22. Ng3 a4 23. b4 Nd7 24. a3 O-O-O 25. Bd2 Nb6 26. c4 d5 27.
c5 Nd7 28. Nf5 Bxf5 29. exf5 b5 30. Rg2 g6 31. Rhg1 g5 32. Bg4 Nf6 33. hxg5
Nxg4 34. Rxg4 Rxg5 35. e4 Rxg4 36. Rxg4 dxe4 37. Rxe4 Rxd3 38. Rxe5 {(=)} Bg5
39. Bxg5 hxg5 40. f6 Rf3 41. Re8+ Kd7 42. Re7+ Kd8 43. Rxf7 Rxa3 44. Ra7 Rf3
45. f7 g4 46. Ra8+ Ke7 47. Rg8 g3 48. f8=Q+ Rxf8 49. Rxg3 Rf4 50. Rg6 Rxb4 51.
Rxc6 Rc4+ 52. Kb2 Kd7 53. Ra6 Rxc5 {Coup suivant incompréhensible} 0-1

[Event "13eme open"]
[Site "Louviers"]
[Round "4"]
[Date "2010.05.23"]
[White "Veniat, Nicolas"]
[Black "Langlet, Stephanie"]
[Result "1-0"]
[WhiteElo "1859"]
[BlackElo "1490"]
[PlyCount "75"]

1. e4 e5 2. f4 d6 3. Nf3 Nc6 4. Bc4 Nh6 5. d3 g6 6. O-O Bg7 7. fxe5 dxe5 8. Be3
b6 9. Bxh6 Bxh6 10. Bxf7+ Ke7 11. Bd5 Bb7 12. Qe1 Rf8 13. Qh4+ Kd6 14. Qxh6 Qf6
15. Nc3 Ba6 16. b4 b5 17. Bxc6 Kxc6 18. Nd4+ exd4 19. Rxf6+ Rxf6 20. Nd5 Rf7
21. Rf1 Rxf1+ 22. Kxf1 Rh8 23. Qg7 Rc8 24. Ne7+ Kd6 25. Nxc8+ Bxc8 26. Qxd4+
Kc6 27. Qc5+ Kb7 28. Qxb5+ Ka8 29. Qc6+ Bb7 30. Qxc7 a6 31. e5 Bd5 32. Qd8+ Ka7
33. Qxd5 h5 34. e6 g5 35. e7 g4 36. Qc6 h4 37. e8=R g3 38. Ra8# 1-0

[Event "13eme open"]
[Site "Louviers"]
[Round "4"]
[Date "2010.05.23"]
[White "Vigneron, Frederic"]
[Black "Aknouche, Abdesslem"]
[Result "1/2"]
[WhiteElo "1928"]
[BlackElo "1800"]
[PlyCount "38"]

1. d4 Nf6 2. c4 c5 3. Nf3 cxd4 4. Nxd4 e5 5. Nb3 d5 6. cxd5 Qxd5 7. Qc2 Nc6 8.
Nc3 Bb4 9. Bd2 Bxc3 10. Bxc3 Qe4 11. Qxe4 Nxe4 12. Rc1 Be6 13. e3 O-O 14. Bd3
Nxc3 15. Rxc3 Nb4 16. Bb1 Rfc8 17. Rxc8+ Rxc8 18. O-O g6 19. Rc1 Re8 {(=)}
1/2-1/2

[Event "13eme open"]
[Site "Louviers"]
[Round "4"]
[Date "2010.05.23"]
[White "Plessis, Arnaud"]
[Black "Berrou, Andre"]
[Result "1-0"]
[WhiteElo "1777"]
[BlackElo "1820"]
[PlyCount "95"]

1. e4 c6 2. d4 d5 3. exd5 cxd5 4. c4 dxc4 5. Bxc4 e6 6. Nf3 Nf6 7. Nc3 h6 8.
Bf4 Bd6 9. Ne5 O-O 10. O-O a6 11. Qf3 Qc7 12. Bd3 Nc6 13. Nxc6 bxc6 14. Bxd6
Qxd6 15. Rfd1 Rb8 16. Rd2 Rb4 17. Rad1 Re8 18. a3 Rb8 19. Bb1 Bb7 20. Ne4 Nxe4
21. Qxe4 f5 22. Qe5 Qd5 23. b4 Rbd8 24. Ba2 Qxe5 25. dxe5 Rxd2 26. Rxd2 Kf7 27.
Rd6 Re7 28. f4 g5 29. g3 gxf4 30. gxf4 Bc8 31. Rxc6 Re8 32. Bc4 Bb7 33. Rd6 Re7
34. Kf2 Bc8 35. Bxa6 Bxa6 36. Rxa6 Rc7 37. b5 Rc2+ 38. Ke3 Rxh2 39. b6 Rb2 40.
Kd4 h5 41. Kc5 h4 42. Ra7+ Kg6 43. Rd7 h3 44. Rd3 Kf7 45. Kc6 Ke7 46. b7 Rc2+
47. Kb6 Rb2+ 48. Ka7 1-0

[Event "13eme open"]
[Site "Louviers"]
[Round "4"]
[Date "2010.05.23"]
[White "Josse, Sebastien"]
[Black "Boursier, Xavier"]
[Result "1-0"]
[WhiteElo "1793"]
[BlackElo "2011"]
[PlyCount "75"]

1. f4 c5 2. Nf3 Nc6 3. g3 g6 4. Bg2 Bg7 5. d3 d6 6. c3 e6 7. O-O Nge7 8. e4 O-O
9. g4 f5 10. gxf5 exf5 11. Qb3+ Kh8 12. Ng5 Qe8 13. Na3 Na5 14. Qb5 Qxb5 15.
Nxb5 fxe4 16. Nxe4 d5 17. Nxc5 b6 18. Nb3 Bf5 19. Re1 Nac6 20. Nc7 Rad8 21. Ne6
Bxe6 22. Rxe6 Bh6 23. Bd2 Bxf4 24. Bxf4 Rxf4 25. Rae1 Kg7 26. Nd4 Rf6 27. Rxe7+
Nxe7 28. Rxe7+ Kf8 29. Rxh7 Rfd6 30. Rxa7 R8d7 31. Rxd7 Rxd7 32. Bh3 Rd6 33.
Kg2 Ke7 34. Be6 Kf6 35. Kg3 Rd8 36. a3 Rd6 37. Bg4 Ke5 38. Nf3+ 1-0

[Event "13eme open"]
[Site "Louviers"]
[Round "3"]
[Date "2010.05.23"]
[White "Varigault, Nicole"]
[Black "Voegele, Francois-Marie"]
[Result "1-0"]
[WhiteElo "1190"]
[BlackElo "1070"]
[PlyCount "95"]

1. e4 e5 2. Nf3 d6 3. Bc4 Be6 4. Bxe6 fxe6 5. d3 Nf6 6. Ng5 Qd7 7. O-O Nc6 8.
a3 h6 9. Nf3 Be7 10. Nh4 O-O 11. Ng6 Rfe8 12. Nxe7+ Qxe7 13. Be3 d5 14. Nd2
dxe4 15. Nxe4 Nxe4 16. dxe4 Rf8 17. Qe2 a5 18. c3 Rad8 19. Rad1 b6 20. Qg4 Rf6
21. g3 Rxd1 22. Rxd1 b5 23. Kg2 b4 24. Ra1 bxc3 25. bxc3 a4 26. Ra2 Nb8 27. Qh4
Kf8 28. g4 Ke8 29. g5 Rg6 30. Qh5 Qf7 31. Qf3 Qd7 32. h4 hxg5 33. h5 Rf6 34.
Qg3 Qc6 35. Qxe5 Rf7 36. Rc2 Nd7 37. Qxg5 Qd6 38. h6 gxh6 39. Qg8+ Nf8 40. Rd2
Qxa3 41. Qh8 Qxc3 42. Qxc3 h5 43. Qc6+ Nd7 44. Qxa4 e5 45. Qa8+ Ke7 46. Bg5+
Ke6 47. Qe8+ Re7 48. Qxe7# 1-0

[Event "13eme open"]
[Site "Louviers"]
[Round "3"]
[Date "2010.05.23"]
[White "Langlet, Stephanie"]
[Black "Frey, Alain"]
[Result "0-1"]
[WhiteElo "1490"]
[BlackElo "1720"]
[PlyCount "110"]

1. e4 c5 2. c3 g6 3. d4 cxd4 4. cxd4 d6 5. Nf3 Bg7 6. Bf4 Bg4 7. Be2 Nc6 8. Be3
Nf6 9. Nc3 O-O 10. O-O a6 11. d5 Bxf3 12. Bxf3 Ne5 13. Rc1 Rc8 14. Bd4 Nfd7 15.
Bxe5 Nxe5 16. Bg4 Nxg4 17. Qxg4 b5 18. a3 Bxc3 19. Rxc3 Rxc3 20. bxc3 Qc8 21.
Qxc8 Rxc8 22. Rc1 Rc4 23. f3 f6 24. Kf2 Kf7 25. Ke3 g5 26. Kd3 Kg6 27. h3 h5
28. g4 h4 29. Rb1 Ra4 30. Rb3 Kf7 31. Kc2 e6 32. Kd3 exd5 33. exd5 Kg6 34. Ke3
f5 35. c4 f4+ 36. Kd2 Rxc4 37. Rc3 Rxc3 38. Kxc3 Kf6 39. Kb4 Ke5 40. Ka5 Kxd5
41. Kxa6 Kc4 42. Kb6 d5 43. Kc6 d4 44. Kd6 d3 45. Ke6 d2 46. Kf5 d1=Q 47. Kxg5
Qxf3 48. Kxh4 Qg3+ 49. Kg5 f3 50. h4 f2 51. h5 f1=Q 52. h6 Qff4+ 53. Kg6 Qgxg4+
54. Kh7 Qf7+ 55. Kh8 Qfg8# 0-1

[Event "13eme open"]
[Site "Louviers"]
[Round "3"]
[Date "2010.05.23"]
[White "Diologent, Matthieu"]
[Black "Josse, Sebastien"]
[Result "0-1"]
[WhiteElo "1944"]
[BlackElo "1793"]
[PlyCount "116"]

1. e4 d5 2. exd5 Qxd5 3. Nc3 Qa5 4. d4 Nf6 5. Bc4 Bf5 6. Nf3 e6 7. Bd2 c6 8.
Nd5 Qd8 9. Nxf6+ gxf6 10. c3 b5 11. Be2 Nd7 12. Bf4 Nb6 13. Bd3 Bg6 14. h4 Bg7
15. h5 Bxd3 16. Qxd3 a6 17. h6 Bf8 18. Qe4 Qd5 19. Nd2 Nc4 20. Qxd5 cxd5 21.
Nxc4 bxc4 22. Rh3 Rg8 23. Ke2 Kd7 24. Rg3 Rg6 25. b3 Rc8 26. b4 a5 27. b5 a4
28. Rb1 Re8 29. Rf3 e5 30. dxe5 fxe5 31. Be3 f6 32. Rd1 Ke6 33. b6 Bxh6 34.
Bxh6 Rxh6 35. b7 Kd6 36. Rg3 Rg6 37. Rh3 Rg7 38. Rb1 Kc7 39. Rh6 Rf7 40. Rb5
Rd8 41. Rh1 Kb8 42. Rh6 Rd6 43. Ra5 Rxb7 44. Rxa4 Rc6 45. Ra5 Rd6 46. Rc5 Rg7
47. g3 Kb7 48. a4 Kb6 49. Rb5+ Kc6 50. Rh1 Ra7 51. Rhb1 Rxa4 52. Rb7 Ra2+ 53.
Kf1 d4 54. R7b4 Kd5 55. f4 Rh2 56. Kg1 Rc2 57. cxd4 exd4 58. Re1 d3 0-1

[Event "13eme open"]
[Site "Louviers"]
[Round "3"]
[Date "2010.05.23"]
[White "Rousselin, Marc"]
[Black "Plessis, Arnaud"]
[Result "1/2"]
[WhiteElo "1612"]
[BlackElo "1777"]
[PlyCount "39"]

1. e4 e5 2. d4 exd4 3. c3 dxc3 4. Bc4 cxb2 5. Bxb2 d5 6. Bxd5 Nf6 7. Bxf7+ Kxf7
8. Qxd8 Bb4+ 9. Qd2 Bxd2+ 10. Nxd2 Re8 11. e5 Nc6 12. Ne2 Nxe5 13. Bxe5 Rxe5
14. Nf3 Re7 15. h4 Bg4 16. Rd1 Rae8 17. Rd2 Bxf3 18. gxf3 Nd5 19. Kd1 Rxe2 20.
Rxd5 1/2-1/2

[Event "13eme open"]
[Site "Louviers"]
[Round "3"]
[Date "2010.05.23"]
[White "Victor, Daniel"]
[Black "Broustet, Pierre"]
[Result "1-0"]
[WhiteElo "1880"]
[BlackElo "1840"]
[PlyCount "51"]

1. d4 d5 2. c4 e6 3. Nf3 Nf6 4. g3 Be7 5. Bg2 O-O 6. O-O Nbd7 7. Qc2 c6 8. b3
Re8 9. Bb2 Rb8 10. Nbd2 Bf8 11. Rfd1 g6 12. Ne5 Bg7 13. Ndf3 Nxe5 14. dxe5 Nd7
15. e4 f5 16. exd5 exd5 17. cxd5 Nxe5 18. dxc6 Qc7 19. Nxe5 Bxe5 20. Re1 bxc6
21. Bxe5 Rxe5 22. Qxc6 Qe7 23. Qc4+ Kf8 24. Qc3 Rxe1+ 25. Rxe1 Qg7 26. Re8+ 1-0

[Event "13eme open"]
[Site "Louviers"]
[Round "3"]
[Date "2010.05.23"]
[White "Saint-Gilles, Damien"]
[Black "Vappereau, Xavier"]
[Result "1-0"]
[WhiteElo "1678"]
[BlackElo "1810"]
[PlyCount "49"]

1. d4 d5 2. Bf4 Nf6 3. Nf3 e6 4. Nbd2 c5 5. e3 Nc6 6. c3 Bd6 7. Bg5 O-O 8. Bd3
Re8 9. e4 Be7 10. O-O cxd4 11. e5 Nd7 12. Bxe7 Rxe7 13. cxd4 h6 14. Rc1 Nb4 15.
Bb1 b6 16. a3 Na6 17. Rc3 Bb7 18. Nh4 Rc8 19. Rg3 Nf8 20. Qg4 g6 21. Nxg6 fxg6
22. Bxg6 Rg7 23. Bh7+ Kf7 24. Qxg7+ Ke8 25. Qxb7 1-0

[Event "13eme open"]
[Site "Louviers"]
[Round "3"]
[Date "2010.05.23"]
[White "Berrou, Andre"]
[Black "Arinal, Serge"]
[Result "1/2"]
[WhiteElo "1820"]
[BlackElo "1670"]
[PlyCount "56"]

1. f4 e6 2. Nf3 Nf6 3. e3 b6 4. d4 Bb7 5. Bd3 c5 6. c3 Nc6 7. O-O cxd4 8. cxd4
Nb4 9. Be2 Rc8 10. a3 Nbd5 11. Bd3 Nc7 12. Nc3 Ncd5 13. Nxd5 Bxd5 14. Qe2 Be4
15. Bd2 Be7 16. Rac1 O-O 17. Rxc8 Qxc8 18. Rc1 Qb8 19. Ba6 Bb7 20. Bd3 Rc8 21.
Rxc8+ Qxc8 22. e4 Qa8 23. e5 Ne4 24. Be3 h6 25. Nd2 f5 26. Nf3 Bd5 27. Qc2 Qb7
28. Qe2 Qa8 1/2-1/2

[Event "13eme open"]
[Site "Louviers"]
[Round "3"]
[Date "2010.05.23"]
[White "Roussel, Julien"]
[Black "Tirard, Hugo"]
[Result "0-1"]
[WhiteElo "1842"]
[BlackElo "2447"]
[PlyCount "84"]

1. d4 Nf6 2. c4 g6 3. Nc3 Bg7 4. e4 d6 5. Nf3 O-O 6. Be2 c5 7. d5 e6 8. O-O
exd5 9. cxd5 Bg4 10. Be3 Bxf3 11. Bxf3 Re8 12. Qd2 Nbd7 13. Rfe1 a6 14. a4 Qc7
15. Bh6 Bxh6 16. Qxh6 Re5 17. Qf4 Rae8 18. h4 Qa5 19. Kh2 Kg7 20. g4 h6 21. Kg2
g5 22. hxg5 hxg5 23. Qd2 Nf8 24. Rh1 Ng6 25. Kg3 Qd8 26. Rh2 Nh4 27. Rah1 Rh8
28. Bg2 Qd7 29. f3 {(=)} 29... Ng8 30. Nd1 Qxa4 31. Ne3 Ne7 32. Bf1 b5 33. Nf5+
Nexf5+ 34. gxf5 f6 35. Rxh4 gxh4+ 36. Rxh4 Ree8 37. Rg4+ Kf7 38. e5 Reg8 39.
exd6 Rxg4+ 40. fxg4 Qe4 41. Qa5 Qe5+ 42. Kf3 Qxd6 0-1

[Event "13eme open"]
[Site "Louviers"]
[Round "3"]
[Date "2010.05.23"]
[White "Duverne, Jean-Marie"]
[Black "Vigneron, Frederic"]
[Result "1-0"]
[WhiteElo "2153"]
[BlackElo "1928"]
[PlyCount "119"]

1. e4 d6 2. d4 Nf6 3. Nc3 c6 4. Nf3 Bg4 5. h3 Bxf3 6. Qxf3 e5 7. dxe5 dxe5 8.
Bc4 Qc7 9. O-O Nbd7 10. Be3 Bc5 11. Bxc5 Nxc5 12. Qe3 Qe7 13. Rad1 O-O 14. b4
Ne6 15. Bxe6 Qxe6 16. Qc5 b6 17. Qd6 Qc4 {(=)} 18. Qxe5 Qxb4 19. Rd3 Rfe8 20.
Qd4 Qxd4 21. Rxd4 c5 22. Ra4 a5 23. Rb1 Rab8 24. Nd5 Nxe4 25. Rxb6 Rxb6 26.
Nxb6 h6 27. Rxa5 Nd2 28. Ra8 Rxa8 29. Nxa8 Kf8 30. f3 Ke7 31. Kf2 Kd6 32. Nb6
Kc6 33. Ke2 Nb1 34. Nc4 Nc3+ 35. Kd2 Nxa2 36. c3 Kd5 37. Ne3+ Ke5 38. Nf1 Kd5
39. Kc2 f5 40. Nd2 g5 41. Kb2 Nb4 42. cxb4 cxb4 43. Kb3 Kd4 44. Nc4 h5 45. Kxb4
g4 46. hxg4 hxg4 47. Kb3 gxf3 48. gxf3 Kd3 49. Ne5+ Kd4 50. f4 Ke4 51. Ng6 Kd3
52. Kb4 Kd4 53. Kb3 Kd3 54. Kb4 Kd4 55. Kb5 Kd5 56. Kb6 Kd6 57. Ne5 Kd5 58. Kc7
Ke6 59. Kc6 Kf6 60. Kd6 1-0